| 000 | 02546nam a2200277 a 4500 | ||
|---|---|---|---|
| 001 | 000003229 | ||
| 005 | 20211025102912.0 | ||
| 008 | 090707s2004 dr ad 001 0 spa d | ||
| 040 |
_aDO-SdBNP _bspa _cBNPHU |
||
| 082 |
_a621.312134097293 _bR696p |
||
| 100 | 1 |
_aRodríguez Taveras, Ramón Isidro _910182 |
|
| 245 | 1 | 0 |
_aPresas y centrales hidroélectricas en República Dominicana / _cRamón Isidro Rodríguez Taveras ; presentación César Sánchez Torres ; prólogo Máximo D'Oleo Ramírez. |
| 260 |
_aSanto Domingo : _bCDEEE, _c2004. |
||
| 300 |
_a422 p. : _bil., diagr. ; _c29 cm. |
||
| 505 | 1 | _aPrólogo -- Introducción -- Capítulo 1. Datos generales de República Dominicana -- Capítulo 2. Complejos hidroelcétricos para usos múltiples -- Complejo Tavera-Bao-López-Angostura -- Complejo Nizao: Jiguey-Aguacate-Valdesia-Las Barías -- Capítulo 3. Presas de emsamble para usos múltiples -- Presa de Hatillo -- Presa de Rincón -- Presa Monción -- Presa de Sabaneta-- Presa de Sabana Yegua -- Capítulo 4. Medianas y pequeñas presas para riego (en operación) -- Presa de Chacuey -- Presa de Maguaca -- Presa Cabeza de Caballo -- Presa de Guanajuma -- Presa de Mijo -- Capítulo 5. Presas para producir solamente energía eléctrica -- Hidroeléctrica de Río Blanco -- Central las Damas -- Jimenoa -- Hidroeléctrica el Salto en Constanza -- Hidroeléctrica de Baiguaque -- Minicentral Aniana Vargas en el Río Yuboa -- Capítulo 6. Centrales hidroeléctricas cuya fuente de abastecimiento son canales de riego -- Los Toros -- Mini-Central Nizao Najayo -- Mini-Central Los Anones --Capítulo 7. Presas de embalse en proceso de estudio --Capítulo 8. La energía hidráulica en República Dominicana. Medianos y pequeños proyectos hidroeléctricos en proceso de estudio -- La energía hidráulica en República Dominicana -- Medianos y pequeños proyectos hidroeléctricos en proceso de estudio --Bibliografía. | |
| 590 | _aInventariado,2018/DG | ||
| 650 | 4 |
_aCentrales hidroeléctricas _zRepública Dominicana _910183 |
|
| 650 | 4 |
_aPresas _zRepública Dominicana _910184 |
|
| 650 | 4 |
_aEnergía hidráulica _zRepública Dominicana _910185 |
|
| 700 | 1 |
_aD'Oleo Ramírez, Máximo, _epról. _910186 |
|
| 700 | 1 |
_aSánchez Torres , César _910187 |
|
| 710 | 2 |
_aCorporación Dominicana de Empresas Eléctricas Estatales _910188 |
|
| 710 | 2 |
_aEmpresa de Generación hidroeléctrica Dominicana _910189 |
|
| 710 | 2 |
_aInstituto Nacional de Recursos Hidráulicos (República Dominicana) _96366 |
|
| 910 | _aValidado. Control de calidad BNPHU | ||
| 999 |
_c3060 _d3060 |
||